Along the domestic-foreign Frontier : exploring governance in a turbulent world

Αποθηκεύτηκε σε:
Λεπτομέρειες βιβλιογραφικής εγγραφής
Κύριος συγγραφέας: Rosenau, James N.
Μορφή: Βιβλίο
Γλώσσα:English
Δημοσίευση: Cambridge : Cambridge University Press, c1997
Σειρά:Cambridge studies in international relations ; ; 53
Θέματα:
Ετικέτες: Προσθήκη ετικέτας
Δεν υπάρχουν, Καταχωρήστε ετικέτα πρώτοι!

MARC

LEADER 00000nam a2200000 i 4500
001 1/79714
008 990506s1997 eng d
020 |a 0-521-58764-6 
035 |l 10050452 
040 |a GR-MY-UA  |b gre  |e aacr 
041 0 |a eng 
082 0 |a 327.109045 
100 1 |a Rosenau, James N. 
245 1 0 |a Along the domestic-foreign Frontier :  |b exploring governance in a turbulent world /  |c James N. Rosenau 
260 |a Cambridge :   |b Cambridge University Press,   |c c1997 
300 |a 467 p.;  |b tabl.;  |c 24 cm. 
490 1 |a Cambridge studies in international relations  |v ; 53 
504 |a Includes index 
650 0 0 |a International relations  |x Political aspects. 
650 0 0 |a Political science. 
650 0 0 |a World politics. 
830 0 |a Cambridge studies in international relations ;  |v ; 53 
852 |a INST  |b LESVOS  |e 19990506  |h 327.109045 ROS  |p 005100016336  |q 005100016336  |t BK  |y 0 
901 |a BIBL1-1999-2 
909 |a Λ  |b 062214 
922 |a 1ΕΛΗ  |b 199812  |c ΚΠΣ/ΤΓ  |d LEADER 
950 |a 118-1998-10-19